000 00618nam a2200193Ii 4500
003 JO-AjNU
008 230605s9999||||xx |||||||||||||| ||und||
040 _aJO-AjNU
_bara
_erda
_cJO-AjNU
041 _aara
050 1 4 _aQP301 1987
100 3 _aالصميدعي ، لؤي غانم,
_eauthor
_916722
245 0 0 _aاليايوميكانيك والرياضة
264 3 1 _aبغداد:جامعة الموصل ، 1987
300 _a420ص
336 _atext
_btxt
_2rdacontent
337 _aunmediated
_bn
_2rdamedia
338 _avolume
_bnc
_2rdacarrier
650 4 _aاليايوميكانيك - والرياضة
_916723
999 _aA5019
_c8587
_d8587